Kautilya : (Record no. 93935)

MARC details
000 -LEADER
fixed length control field 00590nam a22001937a 4500
010 ## - LCCN (DPL NO)
LC control number ENG-113221 ENG-135868
020 ## - INTERNATIONAL STANDARD BOOK NUMBER
International Standard Book Number 9788192535494
Terms of availability 695.00
035 ## - SYSTEM CONTROL NUMBER
System control number EN-96753
035 ## - SYSTEM CONTROL NUMBER
System control number EN-119400
037 ## - SOURCE OF ACQUISITION
Source of stock number/acquisition DBAD/PUB
082 ## - DEWEY DECIMAL CLASSIFICATION NUMBER
Classification number 330.934
100 ## - MAIN ENTRY--PERSONAL NAME
Personal name Sihag, Balbir Singh
245 ## - TITLE STATEMENT
Title Kautilya :
Statement of responsibility, etc by Balbir Singh Sihag
Remainder of title the true founder of economics /
260 ## - PUBLICATION, DISTRIBUTION, ETC. (IMPRINT)
Place of publication, distribution, etc New Delhi
Name of publisher, distributor, etc Vitasta Publishing
Date of publication, distribution, etc 2014
270 ## - ADDRESS
Address 2/15, Ansari Road, Daryaganj
City New Delhi
Postal code 110002
300 ## - PHYSICAL DESCRIPTION
Extent 429p.
Dimensions 23cm(Hb)
500 ## - GENERAL NOTE
General note Includes index
942 ## - ADDED ENTRY ELEMENTS (KOHA)
Source of classification or shelving scheme Dewey Decimal Classification
Item type English Books
Call number suffix SIH
Classification part 330.934
Holdings
Withdrawn status Lost status Not for loan Collection code Home library Current library Date acquired Source of acquisition Cost, normal purchase price Full call number Barcode Copy number Cost, replacement price Koha item type
    Not For Loan Non-fiction Bawana Bawana 15/12/2022 DBAD/PUB 695.00 330.934 SIH EN-119400 1 695.00 English Books
    Not For Loan Non-fiction D.B.Act.Division D.B.Act.Division 26/05/2015 DBAD/PUB 695.00 330.934 SIH EN-96753 1 695.00 English Books

© Delhi Public Library
Hit Counter
free hit counter